Combien de ville de Charente Maritime (17) connais-tu ? - Statistiques

Statistiques générales
  • Ce quiz a été pris 28 fois
    17 depuis la dernière actualisation
  • Le résultat moyen est 47 sur 463
Statistiques - réponses
Code Postal Ville % Correct
17000 La Rochelle
93%
17442 Aytré
86%
17300 Rochefort
86%
17100 Saintes
86%
17200 Royan
79%
17073 Jonzac
71%
17415 Saint-Jean-d'Angély
71%
17690 Angoulins
57%
17450 Fouras
57%
17138 Puilboreau
57%
17410 Saint-Martin-de-Ré
57%
17310 Saint-Pierre-d'Oléron
57%
17140 Lagord
50%
17111 Loix
50%
17800 Pons
50%
17740 Sainte-Marie-de-Ré
50%
17110 Saint-Georges-de-Didonne
50%
17600 Saujon
50%
17700 Surgères
50%
17430 Tonnay-Charente
50%
17290 Aigrefeuille-d'Aunis
43%
17340 Châtelaillon-Plage
43%
17230 Marans
43%
17380 Tonnay-Boutonne
43%
17230 Andilly
36%
17120 Cozes
36%
17220 Croix-Chapeau
36%
17550 Dolus-d'Oléron
36%
17139 Dompierre-sur-Mer
36%
17670 La Couarde-sur-Mer
36%
17630 La Flotte
36%
17580 Le Bois-Plage-en-Ré
36%
17160 Matha
36%
17130 Montendre
36%
17180 Périgny
36%
17940 Rivedoux-Plage
36%
17350 Saint-Savinien
36%
17520 Archiac
29%
17590 Ars-en-Ré
29%
17870 Breuil-Magné
29%
17210 Chevanceaux
29%
17170 Courçon
29%
17260 Gémozac
29%
17220 La Jarrie
29%
17390 La Tremblade
29%
17320 Marennes-Hiers-Brouage
29%
17150 Mirambeau
29%
17650 Saint-Denis-d'Oléron
29%
17220 Sainte-Soulle
29%
17190 Saint-Georges-d'Oléron
29%
17780 Soubise
29%
17640 Vaux-sur-Mer
29%
17340 Yves
29%
17120 Arces
21%
17800 Avy
21%
17290 Ballon
21%
17240 Bois
21%
17540 Bouhet
21%
17220 Bourgneuf
21%
17920 Breuillet
21%
17210 Bussac-Forêt
21%
17170 Ferrières
21%
17220 La Jarne
21%
17570 Les Mathes
21%
17880 Les Portes-en-Ré
21%
17137 L'Houmeau
21%
17137 Marsilly
21%
17270 Montguyon
21%
17137 Nieul-sur-Mer
21%
17250 Pont-l'Abbé-d'Arnoult
21%
17600 Sablonceaux
21%
17590 Saint-Clément-des-Baleines
21%
17420 Saint-Palais-sur-Mer
21%
17138 Saint-Xandre
21%
17220 Salles-sur-Mer
21%
17120 Talmont-sur-Gironde
21%
17290 Ardillières
14%
17470 Aulnay
14%
17120 Barzan
14%
17490 Beauvais-sur-Matha
14%
17210 Bedenac
14%
17170 Benon
14%
17330 Bernay-Saint-Martin
14%
17270 Boresse-et-Martron
14%
17360 Boscamnant
14%
17560 Bourcefranc-le-Chapus
14%
17700 Breuil-la-Réorte
14%
17120 Brie-sous-Mortagne
14%
17430 Cabariot
14%
17270 Cercoux
14%
17890 Chaillevette
14%
17240 Champagnolles
14%
17610 Chaniers
14%
17210 Chepniers
14%
17520 Cierzac
14%
17220 Clavette
14%
17270 Clérac
14%
17130 Corignac
14%
17600 Corme-Écluse
14%
17600 Corme-Royal
14%
17130 Coux
14%
17170 Cram-Chaban
14%
17470 Dampierre-sur-Boutonne
14%
17620 Échillais
14%
17120 Épargnes
14%
17137 Esnandes
14%
17123 Île-d'Aix
14%
17520 Jarnac-Champagne
14%
17840 La Brée-les-Bains
14%
17360 La Clotte
14%
17460 La Jard
14%
17480 Le Château-d'Oléron
14%
17100 Les Gonds
14%
17290 Le Thou
14%
17132 Meschers-sur-Gironde
14%
17210 Montlieu-la-Garde
14%
17113 Mornac-sur-Seudre
14%
17540 Nuaillé-d'Aunis
14%
17730 Port-des-Barques
14%
17620 Saint-Agnant
14%
17360 Saint-Aigulin
14%
17260 Saint-André-de-Lidon
14%
17570 Saint-Augustin
14%
17330 Saint-Félix
14%
17700 Saint-Georges-du-Bois
14%
17170 Saint-Jean-de-Liversay
14%
17320 Saint-Just-Luzac
14%
17450 Saint-Laurent-de-la-Prée
14%
17500 Saint-Médard
14%
17230 Saint-Ouen-d'Aunis
14%
17250 Saint-Porchaire
14%
17220 Saint-Rogatien
14%
17540 Saint-Sauveur-d'Aunis
14%
17370 Saint-Trojan-les-Bains
14%
17120 Semussac
14%
17460 Tesson
14%
17540 Vérines
14%
17700 Vouhé
14%
17500 Agudelle
7%
17150 Allas-Bocage
7%
17500 Allas-Champagne
7%
17540 Anais
7%
17540 Angliers
7%
17350 Annepont
7%
17380 Annezay
7%
17400 Antezant-la-Chapelle
7%
17380 Archingeay
7%
17520 Arthenac
7%
17530 Arvert
7%
17400 Asnières-la-Giraud
7%
17770 Aujac
7%
17770 Aumagne
7%
17770 Authon-Ébéon
7%
17160 Bagnizeau
7%
17600 Balanzac
7%
17160 Ballans
7%
17490 Bazauges
7%
17620 Beaugeay
7%
17800 Belluire
7%
17770 Bercloux
7%
17460 Berneuil
7%
17250 Beurlay
7%
17400 Bignay
7%
17800 Biron
7%
17160 Blanzac-lès-Matha
7%
17470 Blanzay-sur-Boutonne
7%
17150 Boisredon
7%
17430 Bords
7%
17800 Bougneau
7%
17120 Boutenac-Touvent
7%
17210 Bran
7%
17490 Bresdon
7%
17520 Brie-sous-Archiac
7%
17160 Brie-sous-Matha
7%
17800 Brives-sur-Charente
7%
17770 Brizambourg
7%
17770 Burie
7%
17100 Bussac-sur-Charente
7%
17520 Celles
7%
17800 Chadenac
7%
17290 Chambon
7%
17130 Chamouillac
7%
17500 Champagnac
7%
17430 Champdolent
7%
17380 Chantemerle-sur-la-Soie
7%
17230 Charron
7%
17130 Chartuzac
7%
17210 Chatenet
7%
17130 Chaunac
7%
17120 Chenac-Saint-Seurin-d'Uzet
7%
17610 Chérac
7%
17470 Cherbonnières
7%
17460 Chermignac
7%
17510 Chives
7%
17290 Ciré-d'Aunis
7%
17500 Clam
7%
17240 Clion
7%
17330 Coivert
7%
17460 Colombiers
7%
17150 Consac
7%
17470 Contré
7%
17800 Coulonges
7%
17330 Courant
7%
17400 Courcelles
7%
17160 Courcerac
7%
17100 Courcoury
7%
17130 Courpignac
7%
17260 Cravans
7%
17160 Cressé
7%
17330 Dœuil-sur-le-Mignon
7%
17290 Forges
7%
17360 La Barde
7%
17160 La Brousse
7%
17100 La Chapelle-des-Pots
7%
17600 La Clisse
7%
17330 La Croix-Comtesse
7%
17700 La Devise
7%
17360 La Genétouze
7%
17170 La Grève-sur-Mignon
7%
17620 La Gripperie-Saint-Symphorien
7%
17600 Le Chay
7%
17270 Le Fouilloux
7%
17370 Le Grand-Village-Plage
7%
17600 Le Gua
7%
17540 Le Gué-d'Alleré
7%
17230 Longèves
7%
17240 Lorignac
7%
17500 Lussac
7%
17430 Lussant
7%
17700 Marsais
7%
17220 Montroy
7%
17120 Mortagne-sur-Gironde
7%
17430 Muron
7%
17600 Nancras
7%
17270 Neuvicq
7%
17210 Orignolles
7%
17810 Pessines
7%
17600 Pisany
7%
17130 Pommiers-Moulons
7%
17460 Préguillac
7%
17700 Puyravault
7%
17460 Rétaud
7%
17460 Rioux
7%
17150 Saint-Bonnet-sur-Gironde
7%
17220 Saint-Christophe
7%
17240 Saint-Ciers-du-Taillon
7%
17240 Saint-Dizant-du-Gua
7%
17250 Sainte-Gemme
7%
17240 Saint-Fort-sur-Gironde
7%
17240 Saint-Genis-de-Saintonge
7%
17810 Saint-Georges-des-Coteaux
7%
17620 Saint-Jean-d'Angle
7%
17800 Saint-Léger
7%
17380 Saint-Loup
7%
17700 Saint-Mard
7%
17330 Saint-Martial
7%
17500 Saint-Martial-de-Vitaterne
7%
17270 Saint-Martin-d'Ary
7%
17780 Saint-Nazaire-sur-Charente
7%
17210 Saint-Palais-de-Négrignac
7%
17270 Saint-Pierre-du-Palais
7%
17800 Saint-Sever-de-Saintonge
7%
17250 Saint-Sulpice-d'Arnoult
7%
17200 Saint-Sulpice-de-Royan
7%
17160 Sonnac
7%
17250 Soulignonne
7%
17290 Thairé
7%
17460 Thénac
7%
17460 Varzay
7%
17230 Villedoux
7%
17290 Virson
7%
17620 Champagne
0%
17350 Crazannes
0%
17610 Dompierre-sur-Charente
0%
17800 Échebrune
0%
17770 Écoyeux
0%
17810 Écurat
0%
17400 Essouvert
0%
17750 Étaules
0%
17130 Expiremont
0%
17350 Fenioux
0%
17800 Fléac-sur-Seugne
0%
17120 Floirac
0%
17510 Fontaine-Chalendray
0%
17500 Fontaines-d'Ozillac
0%
17100 Fontcouverte
0%
17400 Fontenet
0%
17250 Geay
0%
17430 Genouillé
0%
17520 Germignac
0%
17160 Gibourne
0%
17260 Givrezac
0%
17490 Gourvillette
0%
17350 Grandjean
0%
17120 Grézac
0%
17500 Guitinières
0%
17160 Haimps
0%
17260 Jazennes
0%
17770 Juicq
0%
17130 Jussas
0%
17330 La Jarrie-Audouin
0%
17170 La Laigne
0%
17380 Landes
0%
17290 Landrais
0%
17170 La Ronde
0%
17250 La Vallée
0%
17400 La Vergne
0%
17470 La Villedieu
0%
17100 Le Douhet
0%
17160 Le Gicq
0%
17600 L'Éguille
0%
17350 Le Mung
0%
17500 Léoville
0%
17210 Le Pin
0%
17510 Les Éduts
0%
17400 Les Églises-d'Argenteuil
0%
17250 Les Essards
0%
17770 Le Seure
0%
17380 Les Nouillers
0%
17160 Les Touches-de-Périgny
0%
17870 Loire-les-Marais
0%
17470 Loiré-sur-Nie
0%
17520 Lonzac
0%
17330 Loulay
0%
17160 Louzignac
0%
17330 Lozay
0%
17600 Luchat
0%
17490 Macqueville
0%
17800 Marignac
0%
17490 Massac
0%
17400 Mazeray
0%
17800 Mazerolles
0%
17600 Médis
0%
17210 Mérignac
0%
17130 Messac
0%
17120 Meursac
0%
17500 Meux
0%
17330 Migré
0%
17770 Migron
0%
17780 Moëze
0%
17160 Mons
0%
17800 Montils
0%
17260 Montpellier-de-Médillan
0%
17430 Moragne
0%
17500 Mortiers
0%
17240 Mosnac
0%
17380 Nachamps
0%
17770 Nantillé
0%
17510 Néré
0%
17520 Neuillac
0%
17500 Neulles
0%
17490 Neuvicq-le-Château
0%
17810 Nieul-lès-Saintes
0%
17600 Nieulle-sur-Seudre
0%
17150 Nieul-le-Virouil
0%
17470 Nuaillé-sur-Boutonne
0%
17500 Ozillac
0%
17470 Paillé
0%
17800 Pérignac
0%
17240 Plassac
0%
17250 Plassay
0%
17210 Polignac
0%
17350 Port-d'Envaux
0%
17210 Pouillac
0%
17400 Poursay-Garnaud
0%
17160 Prignac
0%
17380 Puy-du-Lac
0%
17380 Puyrolland
0%
17500 Réaux sur Trèfle
0%
17510 Romazières
0%
17250 Romegoux
0%
17800 Rouffiac
0%
17130 Rouffignac
0%
17770 Saint-Bris-des-Bois
0%
17770 Saint-Césaire
0%
17520 Saint-Ciers-Champagne
0%
17430 Saint-Coutant-le-Grand
0%
17380 Saint-Crépin
0%
17170 Saint-Cyr-du-Doret
0%
17150 Saint-Dizant-du-Bois
0%
17210 Sainte-Colombe
0%
17520 Sainte-Lheurine
0%
17770 Sainte-Même
0%
17250 Sainte-Radegonde
0%
17240 Sainte-Ramée
0%
17520 Saint-Eugène
0%
17780 Saint-Froult
0%
17240 Saint-Georges-Antignac
0%
17470 Saint-Georges-de-Longuepierre
0%
17150 Saint-Georges-des-Agoûts
0%
17500 Saint-Germain-de-Lusignan
0%
17500 Saint-Germain-de-Vibrac
0%
17240 Saint-Germain-du-Seudre
0%
17240 Saint-Grégoire-d'Ardennes
0%
17770 Saint-Hilaire-de-Villefranche
0%
17500 Saint-Hilaire-du-Bois
0%
17430 Saint-Hippolyte
0%
17400 Saint-Julien-de-l'Escap
0%
17520 Saint-Maigrin
0%
17470 Saint-Mandé-sur-Brédoire
0%
17150 Saint-Martial-de-Mirambeau
0%
17520 Saint-Martial-sur-Né
0%
17360 Saint-Martin-de-Coux
0%
17400 Saint-Martin-de-Juillers
0%
17220 Saint-Médard-d'Aunis
0%
17490 Saint-Ouen-la-Thène
0%
17800 Saint-Palais-de-Phiolin
0%
17400 Saint-Pardoult
0%
17700 Saint-Pierre-d'Amilly
0%
17400 Saint-Pierre-de-Juillers
0%
17330 Saint-Pierre-de-l'Isle
0%
17700 Saint-Pierre-La-Noue
0%
17800 Saint-Quantin-de-Rançanne
0%
17600 Saint-Romain-de-Benet
0%
17700 Saint-Saturnin-du-Bois
0%
17610 Saint-Sauvant
0%
17800 Saint-Seurin-de-Palenne
0%
17330 Saint-Séverin-sur-Boutonne
0%
17240 Saint-Sigismond-de-Clermont
0%
17500 Saint-Simon-de-Bordes
0%
17260 Saint-Simon-de-Pellouaille
0%
17150 Saint-Sorlin-de-Conac
0%
17600 Saint-Sornin
0%
17150 Saint-Thomas-de-Conac
0%
17100 Saint-Vaize
0%
17220 Saint-Vivien
0%
17510 Saleignes
0%
17130 Salignac-de-Mirambeau
0%
17800 Salignac-sur-Charente
0%
17510 Seigné
0%
17150 Semillac
0%
17150 Semoussac
0%
17490 Siecq
0%
17150 Soubran
0%
17130 Souméras
0%
17130 Sousmoulins
0%
17350 Taillant
0%
17350 Taillebourg
0%
17260 Tanzac
0%
17170 Taugon
0%
17400 Ternant
0%
17120 Thaims
0%
17600 Thézac
0%
17160 Thors
0%
17380 Torxé
0%
17250 Trizay
0%
17130 Tugéras-Saint-Maurice
0%
17500 Vanzac
0%
17400 Varaize
0%
17100 Vénérand
0%
17300 Vergeroux
0%
17330 Vergné
0%
17400 Vervant
0%
17130 Vibrac
0%
17260 Villars-en-Pons
0%
17770 Villars-les-Bois
0%
17470 Villemorin
0%
17330 Villeneuve-la-Comtesse
0%
17500 Villexavier
0%
17510 Villiers-Couture
0%
17510 Vinax
0%
17260 Virollet
0%
17400 Voissay
0%
Aucun quiz correspondant
Distribution des résultats
% des personnes avec chaque résultat
Percentile par nombre de réponses
Votre historique - résultats
Vous n’avez pas pris ce quiz depuis la dernière actualisation